000 00877nam a2200253Ia 4500
003 OSt
005 20221005112136.0
006 a|||||r|||| 00| 0
007 ta
008 221004b |||||||| |||| 00| 0 pan d
020 _a8172054629 (hbk)
_c250
024 _a2650
037 _b691, 16/01/2013, Bright Book Service
_cTextual
040 _aCRL
_cCRL
_bpan
041 _2pan
_apan
082 _aQ8441w, 153Q1
100 _aਬਡੂੰਗਰ, ਕਿਰਪਾਲ ਸਿੰਘ
245 0 _aਜਿਨੀ ਸਚੁ ਪਛਾਣਿਆ
260 _aਅੰਮ੍ਰਿਤਸਰ
_bਸਿੰਘ ਬ੍ਰਦਸਗ਼ ਭਾਰਤ
_c2011
300 _a256ਪੰ
_ccm.
650 _aਧਰਮ
942 _hQ8441w, 153Q1
_cTEXL
_2cc
999 _c1023938
_d1023938